书目信息 |
| 题名: |
阅读和写作
|
|
| 作者: | ;人民教育出版社语文二室 编 | |
| 分册: | 第一册 | |
| 出版信息: | 北京 人民教育出版社 1987.6 |
|
| 页数: | 431页 | |
| 开本: | 19厘米 | |
| 丛书名: | ||
| 单 册: | ||
| 中图分类: | H194 , G623.2 | |
| 科图分类: | 41.27 | |
| 主题词: | 语文--幼儿师范学校--教材 , 教育--各级 | |
| 电子资源: | ||
| ISBN: | 7-107-09013-5 | |
| 000 | 00901nam0 2200289 45 | |
| 001 | 1536283088 | |
| 005 | 20150122100516.26 | |
| 010 | @a7-107-09013-5@dCNY1.50 | |
| 020 | @aCN@b88000415 | |
| 091 | @aCNK7012.01004 | |
| 100 | @a19910410d1987 m y0chiy0120 ea | |
| 101 | 0 | @achi |
| 102 | @aCN@b110000 | |
| 105 | @ay j 000zy | |
| 200 | 10 | @a阅读和写作@Ayue du he xie zuo@h第一册@f人民教育出版社语文二室编@Fren min jiao yu chu ban she yu wen er shi bian |
| 210 | @a北京@c人民教育出版社@d1987.6 | |
| 215 | @a431页@d19厘米 | |
| 300 | @a幼儿师范学校语文课本 | |
| 540 | 1 | @a阅读和写作@Ayue du he xie zuo |
| 606 | @a语文@x幼儿师范学校@x教材 | |
| 606 | 0 | @a教育@x各级 |
| 690 | @aH194@v1980 | |
| 690 | @aG623.2@v4 | |
| 692 | @a41.27@v1974 | |
| 711 | 02 | @a人民教育出版社语文二室@Aren min jiao yu chu ban she yu wen er shi@4编 |
| 801 | 0 | @aCN@bTSSF@c20150122 |
| 905 | @aZUCC@dG623.2@eJY119:1 | |
| 阅读和写作.第一册/人民教育出版社语文二室编.-北京:人民教育出版社,1987.6 |
| 431页;19厘米 |
| 幼儿师范学校语文课本 |
| ISBN 7-107-09013-5:CNY1.50 |
| ● |
| 相关链接 |
|
|
|
|
正题名:阅读和写作
索取号:G623.2/JY119:1
 
预约/预借
| 序号 | 登录号 | 条形码 | 馆藏地/架位号 | 状态 | 备注 |
| 1 | 7843579 | 278435793 | 学院路分馆/ [索取号:G623.2/JY119:1] | 在馆 | |
| 2 | 7843580 | 278435800 | 学院路分馆/ [索取号:G623.2/JY119:1] | 在馆 |